000 01655cam a22004337a 4500
001 000092977
003 CHAP
005 20220329142913.0
008 050126d2004 mx ad r 00110 spa d
010 _a89443
011 _a90415
035 _a100971
040 _cCHAP
090 _aTesis
100 0 0 _aSánchez de Gante, Alejandro.
_9107454
245 1 0 _aEvaluación financiera de un proyecto de inversión forestal (estufa para madera aserrada) /
_c/por Alejandro Sánchez de Gante.
260 _aChapingo, Méx. :
_bEl autor,
_c2004.
300 _a95 h. :
_bilus. ; gráf. ; cuadros ; anexos.
502 _aTesis (Ing. Forestal con Orientación en Evaluación y Abastecimiento) -- UACH. División de Ciencias Forestales
590 _aALEPH
_b10
_c20130110
_lUCH01
_h1503
590 _aBATCH-UPD
_b10
_c20130110
_lUCH01
_h0828
590 _aBATCH-UPD
_b10
_c20130410
_lUCH01
_h0505
590 _aBATCH-UPD
_b10
_c20130914
_lUCH01
_h0418
590 _aBATCH-UPD
_b10
_c20140324
_lUCH01
_h1448
590 _aBATCH-UPD
_b10
_c20141002
_lUCH01
_h0825
590 _aCONVERSION
_b10
_c20130109
_lUCH01
_h1350
590 _aE12093SGE
_b10
_c20130620
_lUCH01
_h1114
650 1 4 _aAserraderos.
_97892
650 1 4 _aMadera aserrada
_xSecado.
_969642
650 1 4 _aProyectos
_xEvaluación.
_992525
650 1 4 _aProyectos
_xFinanciamiento.
_992526
856 _3Finding aid
_uhttp://10.13.5.2/tesis/100971.pdf
_zTeclea aquí
901 _aBK
905 _aMarco A. Mendoza T.
942 _cCD
942 _n0
949 _aTesis
_bBC
_cTES
_d1009711
_eTS1
_gDonaciØn
_h43425
_i100971
_sb
949 _aTesis
_bBC
_cTES
_d33724000943718
_eTS2
_fc.2
_gDonaciØn
_h43426
_i100971
_si
999 _c89443
_d89443